Statistics for Guess the John

Click here to take the quiz!

General Stats

  • This quiz has been taken 167 times
  • The average score is 9 of 21

Answer Stats

HintAnswer% Correct
Member of The BeatlesLennon
90%
2nd US PresidentAdams
88%
US President who was murdered in the '60sKennedy
88%
Starred as Danny in the movie GreaseTravolta
84%
Wrote "Of Mice and Men"Steinbeck
75%
Played Uncle Jesse on Full HouseStamos
53%
Republican Presidential Candidate in 2008McCain
49%
Co-founder of the Standard Oil CompanyRockefeller
41%
Actor, starred in Say AnythingCusack
40%
Voiced Sulley in Monster's IncGoodman
40%
Singer, Married to Chrissy TeigenLegend
38%
Famous for the Harper Ferry RaidBrown
34%
Professional Wrestler, WWE ChampionCena
27%
10th US PresidentTyler
27%
Current Speaker of the HouseBoehner
25%
Beloved director of many teen movies in the '80sHughes
24%
Played Jim on The OfficeKrasinski
19%
Supreme Court Justice who established Judicial ReviewMarshall
15%
Environmentalist, Founded the Sierra ClubMuir
14%
Married PocahontasRolfe
8%
Famous Fashion DesignerGalliano
3%

Score Distribution

Percentile by Number Answered

Percent of People with Each Score

Your Score History

You have not taken this quiz